| 000 | 03101nam a22003615a 4500 | ||
|---|---|---|---|
| 005 | 20100923142030.0 | ||
| 010 | _aB-413675-689 | ||
| 020 |
_a8189449176 _c295.00 |
||
| 035 | _aB-413675-689 | ||
| 037 | _bUBH | ||
| 082 | _a915.404 | ||
| 245 | _aDriving holidays across India | ||
| 260 |
_aNew Delhi _bOutlook Pubishing _c2009 |
||
| 300 |
_a542 p. _bcol. ill. ; _c21 cm(pbk) |
||
| 490 |
_aOutlook traveller getaways _921299 |
||
| 942 |
_2ddc _cEN _mDRI _h915.404 |
||
| 999 |
_c35830 _d35830 |
||